00584 2200193 4500001002100000008004100021035002000062245009500082100002600177250002000203260003300223300002000256020002200276024001700298084002300315082001700338650002600355990000900381INLIS000000000001760 ind  a0010-0425001760 aSelamatkan Lingkungan dengan KonservasibBuku Pengayaan PengetahuancRizky Utami Handayani aRizky Utami Handayani aCetakan Pertama aDepok :bCV ARYA DUTA,c2018 a76 hlm.c25 cm. a978-979-094-438-1 a333.731 6.44 a333.731 6.44 RIZ s a333.731 6.44 aRizky Utami Handayani a5344